000 02738nam a2200349 4500
001 OTLid0000841
003 MnU
005 20201105133408.0
006 m o d s
008 200625s2018 mnu o 0 0 eng d
020 _a
040 _aMnU
_beng
_cMnU
050 4 _aP123
245 0 0 _aLinguistics for Teachers of English
_cCarol Russell
264 2 _bOpen Textbook Library
264 1 _bNew Prairie Press
300 _a1 online resource
490 0 _aOpen textbook library.
505 0 _aIntroduction -- History -- Language as Communication -- Dialects -- Language in the Classroom
520 0 _aThe primary goals of this text are to acquaint prospective teachers of English with certain aspects of the history, structure, and use of the English Language. Through considering the nature of the English language; how language and culture are interconnected as well as how it is acquired and how and why it changes, readers will come to a fuller understanding of sociolinguistics. This text discusses the nature of language, as well as how it is acquired; how and why languages change, and how the English language in particular has changed (and continues to change); why different varieties of English have developed, and why they continue to be used; how linguists have attempted to account for the (ir)regularities of English; how language and culture are related; and how linguistics can be used as a tool in the classroom. This text presents important topics for English teachers to know: the relationship between "standard" and "nonstandard" dialects, how and why language varies, how we can make informed decisions about what is "right" and "wrong" in language use, and generally how a sound knowledge of how language works can inform and benefit the pedagogical strategies needed to develop as a teacher. Ultimately, I want readers to think about language in ways not thought of before: objectively, passionately, critically, analytically, and logically. This allows readers to move beyond memorization of facts to original thought (which is sort of like the difference between knowing how to add and subtract, and being able to balance a checkbook).
542 1 _fAttribution-NonCommercial-ShareAlike
546 _aIn English.
588 0 _aDescription based on print resource
650 0 _aLinguistics
_vTextbooks
700 1 _aRussell, Carol
_eauthor
710 2 _aOpen Textbook Library
_edistributor
856 4 0 _uhttps://open.umn.edu/opentextbooks/textbooks/841
_zAccess online version
999 _c20179
_d20179